000
00324nam a2200133Ia 4500
008
191201s2004 xx 000 0 und d
082
_a
100
_b
AGS
100
_a
AGNIHOTRI, Ramsankar
245
0
_a
Satyam Ekamev
260
_a
N. Delhi
_b
Sat Sahitya Prakashan
_c
2004
300
_a
111
650
_a
General Books
942
_2
ddc
_c
BK
999
_c
714
_d
714